Základy toxikologie a ekotoxikologie /

Hlavní autor: Panáček, Aleš, 1978-
Korporativní autor: Univerzita Palackého. Katedra fyzikální chemie
Další autoři: Balzerová, Anna, 1986-
Jazyk: Čeština
Vydáno: Olomouc : Univerzita Palackého v Olomouci, 2013
Vydání: 1. vyd.
Edice: Skripta
Témata:
Fyzický popis: 70 s. : il., mapy ; 25 cm
Knihy
Uloženo v:
LEADER 01814cam a2200469 a 4500
001 nkc20142569853
003 CZ PrNK
005 20140424105335.0
007 ta
008 140218s2013 xr ab e p 000 1 cze d
015 |a cnb002569853 
020 |a 978-80-244-3913-6  |q (brož.) :  |c neprodejné 
035 |a (OCoLC)879564955 
040 |a PNA001  |b cze  |d OLA001  |d ABA001 
072 7 |a 615  |x Farmacie. Farmakologie  |2 Konspekt  |9 14 
072 7 |a 37.016  |x Učební osnovy. Vyučovací předměty. Učebnice  |2 Konspekt  |9 22 
080 |a 615.9  |2 MRF 
080 |a 504.5:615.9  |2 MRF 
080 |a (075.8)  |2 MRF 
100 1 |a Panáček, Aleš,  |d 1978-  |7 jx20070503016  |4 aut 
245 1 0 |a Základy toxikologie a ekotoxikologie /  |c Aleš Panáček, Anna Balzerová 
250 |a 1. vyd. 
260 |a Olomouc :  |b Univerzita Palackého v Olomouci,  |c 2013 
300 |a 70 s. :  |b il., mapy ;  |c 25 cm 
490 1 |a Skripta 
500 |a Nad názvem: Univerzita Palackého v Olomouci, Přírodovědecká fakulta, katedra fyzikální chemie 
504 |a Obsahuje bibliografii 
521 8 |a Určeno pro studenty bakalářského studia Aplikovaná chemie 
650 0 7 |a toxikologie  |7 ph116469  |2 czenas 
650 0 7 |a ekotoxikologie  |7 ph119839  |2 czenas 
650 0 9 |a toxicology  |2 eczenas 
650 0 9 |a environmental toxicology  |2 eczenas 
655 7 |a učebnice vysokých škol  |7 fd133772  |2 czenas 
655 9 |a textbooks (higher)  |2 eczenas 
700 1 |a Balzerová, Anna,  |d 1986-  |7 pna2014808877  |4 aut 
710 2 |a Univerzita Palackého.  |b Katedra fyzikální chemie  |7 kn20090717017 
810 2 |a Univerzita Palackého.  |t Skripta  |0 s 
910 2 |a BOA001  |b 2-1323.143 
990 |a BK 
995 |a 01 
991 |b 201404  |c NOV  |e n 
996 6 |b 2610584975  |c 2-1323.143  |l MZK  |r Sklad / do 1 hodiny  |n 20  |p p.v.  |w 001407855  |u 000010  |a 1  |e BOA001  |j MZK50  |s P